• 首页
  • 本馆介绍
  • 公告通知
  • 最新文献
  • 馆藏检索
  • 电子资源
  • 读者导购
  • 参考咨询
  • 我的图书馆
  • 登录
  • 详细信息显示
  • 放入我的书架
  • 预约/预借图书
  • 作者相关作品
  • 分类相关作品
  • 丛书相关作品
  • 出版社相关作品

书目信息

  • 表格格式
  • 工作单格式
  • 卡片格式
题名:
中国象棋弃子攻杀法
    
 
作者: 郑德丰 编著
分册:  
出版信息: 北京   人民体育出版社  1966
页数: 75页
开本: 19cm
丛书名:
单 册:
中图分类: G891.2
科图分类:
主题词: 中国象棋-对局(棋类运动) , 对局(棋类运动)-中国象棋
电子资源:
ISBN:
000 00660nam0 2200229 45
001 0179003896
005 20060804085941.51
010    @dCNY0.22
091    @a7015.1344
100    @a19950717e19791966em y0chiy0121 ea
101 0  @achi
102    @aCN@b110000
105    @ay z 000yy
200 10 @a中国象棋弃子攻杀法@Azhong guo xiang qi qi zi gong sha fa@f郑德丰编著@Fzheng de feng bian zhu
210    @a北京@c人民体育出版社@d1966
215    @a75页@d19cm
606    @a中国象棋-对局(棋类运动)
606    @a对局(棋类运动)-中国象棋
690    @aG891.2@v3
701  0 @a郑德丰@Azheng de feng@4编著
801  0 @aCN@bNLC@c20060804
905    @f1@b19143@dG891.2@e100
    
    中国象棋弃子攻杀法/郑德丰编著.-北京:人民体育出版社,1966
    75页;19cm
    
    
    ISBN :CNY0.22
    
●
相关链接 在E读中查询图书 在五车中查询图书 在当当中查询图书 在豆瓣中查询图书


正题名:中国象棋弃子攻杀法     索取号:G891.2/100         预约/预借

序号 登录号 条形码 馆藏地/架位号 状态 备注
1 0019143   000305468   密集书库/ [索取号:G891.2/100] 在馆    
2 0019144   202211962   密集书库/ [索取号:G891.2/100] 在馆    
3 0211726   202211926   密集书库/ [索取号:G891.2/100] 在馆    
4 0446795   204467950   密集书库/ [索取号:G891.2/100] 在馆    
唐山师范学院图书馆 欢迎您!
大连网信软件有限公司© 版权所有